[Event "2BLO 1718 SC Garching - SC Erlangen"]
[Site "?"]
[Date "2017.12.09"]
[Round "5.3"]
[White "Hilverda, Alexander"]
[Black "Renner, Christoph"]
[Result "1-0"]
[WhiteElo "2365"]
[BlackElo "2347"]
[PlyCount "131"]
[EventDate "2017.??.??"]

1. d4 d5 2. c4 e6 3. Nf3 Nf6 4. g3 Bb4+ 5. Bd2 Be7 6. Bg2 O-O 7. O-O c6 8. Qc2
Nbd7 9. Rd1 b6 10. Bf4 Bb7 11. Ne5 Rc8 12. Nc3 Nh5 13. Bc1 Bd6 14. Nxd7 Qxd7
15. e4 Be7 16. e5 g6 17. cxd5 cxd5 18. Bf1 b5 19. a3 Rc7 20. Qb3 a6 21. Bd2 Ng7
22. g4 f6 23. exf6 Rxf6 24. Bg2 Ne8 25. Re1 Nd6 26. Bg5 Rf7 27. Bxe7 Rxe7 28.
Re2 Rc4 29. Qd1 Rf7 30. Qd2 Rc8 31. b3 Ne4 32. Nxe4 dxe4 33. Bxe4 Bxe4 34. Rxe4
e5 35. Rd1 Qd5 36. Rxe5 Qxb3 37. Re3 Qd5 38. Qe2 Qd7 39. h3 Rcf8 40. Qa2 Kg7
41. Rd2 Re8 42. Rxe8 Qxe8 43. Qa1 h5 44. d5+ Kg8 45. Qd4 hxg4 46. hxg4 Qe1+ 47.
Kg2 Rh7 48. Rd1 Qe7 49. d6 Qh4 50. Qd5+ Kf8 51. Qf3+ Rf7 52. Qa8+ Kg7 53. Qd5
Rd7 54. g5 Qg4+ 55. Kh2 Qf5 56. Qxf5 gxf5 57. Kg3 Kg6 58. Kf4 a5 59. Ke5 Kxg5
60. Rg1+ Kh4 61. Ke6 Rd8 62. Ke7 Rb8 63. d7 b4 64. axb4 axb4 65. d8=Q Rxd8 66.
Kxd8 1-0

[Event "2BLO 1718 SC Garching - SC Erlangen"]
[Site "?"]
[Date "2017.12.09"]
[Round "5.4"]
[White "Rusche, Johannes"]
[Black "Miller, Eduard"]
[Result "1-0"]
[WhiteElo "2299"]
[BlackElo "2335"]
[PlyCount "95"]
[EventDate "2017.??.??"]

1. e4 e5 2. Nf3 Nc6 3. Bb5 a6 4. Ba4 Nge7 5. c3 d6 6. d4 Bd7 7. O-O Ng6 8. Re1
Be7 9. Nbd2 O-O 10. Nf1 exd4 11. cxd4 b5 12. Bb3 Bg4 13. Be3 Bf6 14. Qc2 Nb4
15. Qe2 Nh4 16. N1d2 Qd7 17. h3 Bxf3 18. Nxf3 Nxf3+ 19. Qxf3 a5 20. a3 Nd3 21.
Re2 a4 22. Bd5 c6 23. e5 dxe5 24. Bxc6 Qd8 25. Rd1 e4 26. Qxe4 Ne5 27. Qc2 Nd7
28. Bxa8 Qxa8 29. Rc1 Qd5 30. Qc6 Qf5 31. g4 Qe6 32. Qxe6 fxe6 33. Rc6 Kf7 34.
Rc7 Rd8 35. Rb7 Be7 36. Bd2 Nf6 37. Bb4 Nd5 38. Bxe7 Nxe7 39. Rxb5 Rxd4 40. Rb4
Rd1+ 41. Kh2 g5 42. f4 Nd5 43. Rb7+ Kf6 44. fxg5+ Kxg5 45. Rf7 Rd4 46. Rxe6
Rd2+ 47. Kg3 Rd3+ 48. Rf3 1-0

[Event "2BLO 1718 SC Garching - SC Erlangen"]
[Site "?"]
[Date "2017.12.09"]
[Round "5.5"]
[White "Ott, Florian"]
[Black "Bredl, Harald"]
[Result "1/2-1/2"]
[WhiteElo "2326"]
[BlackElo "2308"]
[PlyCount "59"]
[EventDate "2017.??.??"]

1. d4 d5 2. c4 dxc4 3. e3 e5 4. Bxc4 exd4 5. exd4 Bd6 6. Nf3 Nf6 7. O-O O-O 8.
h3 h6 9. Nc3 Nc6 10. Qc2 Nb4 11. Qb1 Be6 12. Bxe6 fxe6 13. Re1 Qd7 14. Ne5 Bxe5
15. dxe5 Nfd5 16. Be3 Nxe3 17. Rxe3 Rad8 18. Qe4 Nd5 19. Rg3 Rf5 20. Rd1 c6 21.
Qh4 Kh7 22. Ne4 Rdf8 23. Ng5+ Kh8 24. Rd4 Rf4 25. Rf3 Rxf3 26. Nxf3 c5 27. Rg4
Ne7 28. Kh2 Nf5 29. Qh5 Qe8 30. Qxe8 {(=)} 1/2-1/2

[Event "2BLO 1718 SC Garching - SC Erlangen"]
[Site "?"]
[Date "2017.12.09"]
[Round "5.6"]
[White "Koepke, Christian"]
[Black "Merkert, Maximilian"]
[Result "1-0"]
[WhiteElo "2309"]
[BlackElo "2251"]
[PlyCount "89"]
[EventDate "2017.??.??"]

1. e4 Nc6 2. d4 e5 3. Nf3 exd4 4. Nxd4 Qf6 5. Nb5 Bc5 6. Qe2 Kd8 7. N1c3 Nge7
8. Na4 Bb4+ 9. Bd2 a6 10. Bxb4 axb5 11. Bxe7+ Qxe7 12. Nc3 b4 13. Nd5 Qe5 14.
Qe3 Re8 15. Bd3 Ne7 16. Nxe7 Rxe7 17. O-O d6 18. b3 Ra5 19. f4 Qc3 20. Qg3 g6
21. Rad1 Ke8 22. a4 Kf8 23. f5 Qe5 24. Qh4 Qd4+ 25. Kh1 gxf5 26. Bb5 Qxe4 27.
Qxh7 Qe5 28. Rde1 Qf6 29. Rxe7 Kxe7 30. Qg8 Qe6 31. Qe8+ Kf6 32. Qd8+ Kg7 33.
Qxc7 Ra8 34. Bd3 Qf6 35. Qb6 Be6 36. Qxb7 Rh8 37. Qxb4 Qe5 38. Qf4 Qf6 39. Bxf5
Rh4 40. Qg3+ Kh8 41. Bd3 Qe7 42. Rf4 Rh5 43. h3 Rg5 44. Qh4+ Kg7 45. Bf5 1-0

[Event "2BLO 1718 SC Garching - SC Erlangen"]
[Site "?"]
[Date "2017.12.09"]
[Round "5.7"]
[White "Liepold, Stefan"]
[Black "Levushkina, Elena"]
[Result "1-0"]
[WhiteElo "2160"]
[BlackElo "2275"]
[PlyCount "113"]
[EventDate "2017.??.??"]

1. e4 e5 2. Nf3 Nc6 3. Bb5 a6 4. Ba4 Nf6 5. O-O Be7 6. Re1 b5 7. Bb3 O-O 8. h3
Bb7 9. d3 d5 10. exd5 Nxd5 11. Nbd2 Qd7 12. a4 Rae8 13. axb5 axb5 14. Ne4 h6
15. Bd2 Kh7 16. Nc3 Nxc3 17. Bxc3 Bf6 18. Bd2 Bd8 19. c4 bxc4 20. dxc4 e4 21.
Nh2 f5 22. Ba4 Bf6 23. Qb3 Rb8 24. Bc3 Qf7 25. Rad1 Ba8 26. Qc2 Ne5 27. Bxe5
Bxe5 28. b3 Qg6 29. Nf1 f4 30. Bd7 Rbd8 31. c5 f3 32. g4 Rxd7 33. Rxd7 h5 34.
Ne3 Bf4 35. Nd5 hxg4 36. Qxe4 Bxd5 37. Rxd5 Qxe4 38. Rxe4 gxh3 39. Rh5+ Kg6 40.
Rxh3 Kf5 41. Rd4 Ke5 42. Rd7 Bh6 43. Rxc7 Rf6 44. Rd7 Ke4 45. b4 Re6 46. Rd1
Rf6 47. Rd6 Rf8 48. Re6+ Kd5 49. Rg6 Rf4 50. Rgg3 Rxb4 51. Rh5+ Kc6 52. Rxf3
Rc4 53. Rf8 Rg4+ 54. Kf1 Rg6 55. Rc8+ Kd7 56. Ra8 Bg5 57. Ra7+ 1-0

[Event "2BLO 1718 SC Garching - SC Erlangen"]
[Site "?"]
[Date "2017.12.09"]
[Round "5.8"]
[White "Hess, Max"]
[Black "Kornitzky, Tino"]
[Result "1-0"]
[WhiteElo "2316"]
[BlackElo "1924"]
[PlyCount "71"]
[EventDate "2017.??.??"]

1. e4 d5 2. exd5 Qxd5 3. Nc3 Qd8 4. g3 g6 5. Bg2 Bg7 6. Nge2 c6 7. O-O Nf6 8.
d3 O-O 9. Bd2 Nbd7 10. b4 Nb6 11. Rb1 Nfd5 12. Ne4 Bf5 13. h3 Bxe4 14. Bxe4 Re8
15. Bg2 a6 16. c4 Nc7 17. Be3 Ne6 18. a4 Qc7 19. Qb3 Rad8 20. a5 Nc8 21. Qa3
Nd4 22. Nxd4 Bxd4 23. Bxd4 Rxd4 24. b5 Red8 25. bxc6 bxc6 26. Rb3 Qd7 27. Rfb1
Qd6 28. Qxd6 R4xd6 29. Rb8 Rxd3 30. Ra8 R3d7 31. Rbb8 Rc7 32. Rxa6 Rd6 33. Raa8
Rd8 34. a6 Kg7 35. Bf3 e6 36. Rb7 1-0

[Event "2BLO 1718 SC NT Nürnberg - SC Forchheim"]
[Site "?"]
[Date "2017.12.09"]
[Round "5.1"]
[White "Jansa, Vlastimil"]
[Black "Maximov, Dmitry"]
[Result "1-0"]
[WhiteElo "2435"]
[BlackElo "2474"]
[PlyCount "121"]
[EventDate "2017.??.??"]

1. e4 c5 2. Nf3 d6 3. d4 cxd4 4. Nxd4 Nf6 5. Nc3 g6 6. Bc4 Bg7 7. O-O O-O 8.
Re1 Nc6 9. Bb3 Bd7 10. Bg5 Re8 11. h3 Qa5 12. Nf3 Ne5 13. Nxe5 Qxe5 14. Qd2 Bc6
15. Qe3 Nd7 16. Rad1 Qc5 17. Qf4 e6 18. Qh4 Bd4 19. Be3 Bxe3 20. Rxe3 b5 21. a3
a5 22. Red3 b4 23. Na4 Qb5 24. Rxd6 Ne5 25. Qf4 Rab8 26. axb4 axb4 27. Qe3 Qa5
28. Nc5 Rb5 29. Nd3 Qc7 30. Rd4 Qb7 31. Nxe5 Rxe5 32. f3 f5 33. Rd8 fxe4 34.
Rxe8+ Bxe8 35. Qd4 Qb5 36. fxe4 Bc6 37. Bd5 Rxd5 38. exd5 Bxd5 39. Rf1 Qe2 40.
Qf2 Qxf2+ 41. Rxf2 g5 42. Kf1 Kg7 43. Ke2 Kg6 44. Ke3 h5 45. Kd4 g4 46. hxg4 h4
47. Kc5 Kg5 48. Kxb4 Kxg4 49. c4 Bb7 50. Kc5 Kg3 51. Re2 Bxg2 52. Rxe6 h3 53.
Rg6+ Kf4 54. Rh6 Kg3 55. b4 h2 56. Rxh2 Kxh2 57. Kd6 Bf1 58. c5 Kg3 59. c6 Kf4
60. c7 Ba6 61. b5 1-0

[Event "2BLO 1718 SC NT Nürnberg - SC Forchheim"]
[Site "?"]
[Date "2017.12.09"]
[Round "5.2"]
[White "Milov, Leonid"]
[Black "Jirovsky, Milos"]
[Result "1/2-1/2"]
[WhiteElo "2448"]
[BlackElo "2455"]
[PlyCount "111"]
[EventDate "2017.??.??"]

1. e4 e6 2. d4 d5 3. Nc3 dxe4 4. Nxe4 Nd7 5. g3 Ngf6 6. Nxf6+ Nxf6 7. Bg2 e5 8.
Qe2 Qxd4 9. Nf3 Qe4 10. Qxe4 Nxe4 11. Nxe5 Nc5 12. O-O Be6 13. b4 Nd7 14. Bxb7
Rb8 15. Bc6 Bxb4 16. Rb1 Ke7 17. Rxb4 Nxe5 18. Ba3 Kf6 19. Rf4+ Kg6 20. Bg2
Rhd8 21. Bc5 Bd5 22. Bxa7 Ra8 23. Bd4 Nf3+ 24. Bxf3 Bxf3 25. Rxf3 Rxd4 26. Rc3
Rxa2 27. Rxc7 Rd2 28. Rc1 Ra6 29. Rc4 Rf6 30. Rf1 h5 31. Kg2 Re6 32. Kf3 Ree2
33. c3 Rc2 34. g4 hxg4+ 35. Rxg4+ Kf6 36. Rf4+ Ke6 37. h4 f5 38. c4 Ke5 39. h5
Re4 40. Rxe4+ fxe4+ 41. Kg4 Rxc4 42. Kg5 Rc7 43. Ra1 Rf7 44. Ra5+ Kd4 45. Rf5
Re7 46. Kg6 Kd3 47. Kh7 Ke2 48. Kg8 Kf1 49. Kf8 Ra7 50. Kg8 Re7 51. Kh7 Ke1 52.
Kg6 Ke2 53. Rf4 Kd3 54. Rf8 Ke2 55. Rf5 Kf1 56. Rf4 1/2-1/2

[Event "2BLO 1718 SC NT Nürnberg - SC Forchheim"]
[Site "?"]
[Date "2017.12.09"]
[Round "5.3"]
[White "Rupprecht, Andreas"]
[Black "Yelisieiev, Yevhenii"]
[Result "1/2-1/2"]
[WhiteElo "2400"]
[BlackElo "2399"]
[PlyCount "63"]
[EventDate "2017.??.??"]

1. Nf3 d6 2. d4 Nf6 3. c4 Nbd7 4. Nc3 e5 5. e4 Be7 6. Be2 O-O 7. O-O c6 8. Qc2
a6 9. Rd1 Qc7 10. h3 b5 11. a3 Re8 12. Be3 Bb7 13. b4 exd4 14. Nxd4 Bf8 15. Nf5
c5 16. bxc5 Nxc5 17. Nd5 Nxd5 18. exd5 bxc4 19. Qxc4 Re4 20. Qc2 Re5 21. Bd4
Ree8 22. Bf3 Ne6 23. Qd2 Nxd4 24. Nxd4 g6 25. Rab1 Bc8 26. Rdc1 Qd8 27. Qf4 Bg7
28. Nc6 Qf6 29. Qxf6 Bxf6 30. Bg4 Bxg4 31. hxg4 Re2 32. Re1 {(=)} 1/2-1/2

[Event "2BLO 1718 SC NT Nürnberg - SC Forchheim"]
[Site "?"]
[Date "2017.12.09"]
[Round "5.4"]
[White "Mischustov, Michael"]
[Black "Heidrich, Manfred"]
[Result "0-1"]
[WhiteElo "2343"]
[BlackElo "2354"]
[PlyCount "80"]
[EventDate "2017.??.??"]

1. e4 e5 2. Nf3 Nc6 3. Bb5 a6 4. Bxc6 dxc6 5. Nc3 f6 6. d4 exd4 7. Nxd4 c5 8.
Nde2 Qxd1+ 9. Nxd1 Be6 10. Bf4 O-O-O 11. Ne3 Ne7 12. Bg3 g6 13. c4 Bg7 14. O-O
Rd2 15. Nf4 Bf7 16. Rab1 Rd4 17. f3 f5 18. exf5 Nxf5 19. Nxf5 gxf5 20. b3 b5
21. Rfe1 Kd7 22. Ne2 Rd2 23. Bf2 bxc4 24. Bxc5 Kc6 25. Bb4 Rxa2 26. bxc4 Re8
27. Ng3 Bd4+ 28. Kh1 Rxe1+ 29. Bxe1 f4 30. Nf5 Be5 31. g3 Bxc4 32. Rc1 Kc5 33.
g4 a5 34. h4 a4 35. g5 Ra1 36. Bf2+ Kd5 37. Rxa1 Bxa1 38. h5 Bd3 39. Ne7+ Kd6
40. Ng8 a3 0-1

[Event "2BLO 1718 SC NT Nürnberg - SC Forchheim"]
[Site "?"]
[Date "2017.12.09"]
[Round "5.5"]
[White "Schulz, Lukas"]
[Black "Kirchner, Thomas"]
[Result "1-0"]
[WhiteElo "2236"]
[BlackElo "2328"]
[PlyCount "131"]
[EventDate "2017.??.??"]

1. e4 e5 2. f4 Bc5 3. Nf3 d6 4. c3 Qe7 5. Bc4 Nf6 6. Qe2 Nc6 7. d3 a6 8. fxe5
dxe5 9. Bg5 Be6 10. Nbd2 Rd8 11. Rf1 b5 12. Bxe6 Qxe6 13. Nh4 Ne7 14. Bxf6 gxf6
15. Nb3 Bb6 16. O-O-O c5 17. Qh5 a5 18. Kb1 Rd6 19. Nc1 Kd7 20. Rf3 Ng6 21. Nf5
Rc6 22. Qh6 Bd8 23. h4 Kc8 24. h5 Nf4 25. Qg7 Qe8 26. Nh6 Qf8 27. Qxf8 Rxf8 28.
g3 Nxh5 29. Nf5 Rg8 30. Rh1 Ng7 31. Rxh7 Nxf5 32. exf5 Rc7 33. Nb3 Rg4 34. Nxa5
Rd7 35. Nb3 Bb6 36. Rh4 Rg8 37. Kc2 Kd8 38. a4 bxa4 39. Rxa4 Ke7 40. Ra6 Rb7
41. Nd2 Rh8 42. Ne4 Rh1 43. c4 Rg1 44. Rf2 Rh1 45. Nc3 Kf8 46. Nd5 Bc7 47. Nxf6
e4 48. Nxe4 Be5 49. b3 Bd4 50. Rg2 Kg7 51. g4 Rb8 52. Ra5 Rc8 53. g5 Kg8 54.
Ra7 Re8 55. Nf6+ Bxf6 56. gxf6+ Kh8 57. Kc3 Rh3 58. Rc7 Rd8 59. Rd2 Rd6 60.
Rxc5 Rxf6 61. b4 Ra6 62. Ra5 Rf6 63. Rd5 Ra6 64. b5 Ra1 65. Rb2 Rc1+ 66. Kd4
1-0

[Event "2BLO 1718 SC NT Nürnberg - SC Forchheim"]
[Site "?"]
[Date "2017.12.09"]
[Round "5.6"]
[White "Promyshlyanskyy, Vitaliy"]
[Black "Bade, Joern"]
[Result "1-0"]
[WhiteElo "2294"]
[BlackElo "2275"]
[PlyCount "69"]
[EventDate "2017.??.??"]

1. e4 d6 2. d4 Nf6 3. Nc3 g6 4. Bg5 Bg7 5. Qd2 h6 6. Bf4 g5 7. Bg3 Nh5 8. O-O-O
Nc6 9. Qe3 e5 10. dxe5 Nxg3 11. hxg3 Nxe5 12. Be2 Ng4 13. Bxg4 Bxg4 14. f3 Be6
15. f4 c6 16. e5 d5 17. Nf3 Qb6 18. Qd3 gxf4 19. gxf4 Bg4 20. Rde1 Qf2 21. Rhf1
Qg3 22. Qd2 h5 23. Ng5 Bh6 24. Re3 Qh2 25. e6 fxe6 26. Nxe6 Bxe6 27. Rxe6+ Kd7
28. Nxd5 Kxe6 29. Nc7+ Kf5 30. Qd3+ Kg4 31. Qg6+ Kh4 32. g3+ Kh3 33. Qxh5+ Kxg3
34. Rf3+ Kg2 35. Qg4+ 1-0

[Event "2BLO 1718 SC NT Nürnberg - SC Forchheim"]
[Site "?"]
[Date "2017.12.09"]
[Round "5.7"]
[White "Wagner, Robert"]
[Black "Heimrath, Reiner"]
[Result "0-1"]
[WhiteElo "2076"]
[BlackElo "2252"]
[PlyCount "168"]
[EventDate "2017.??.??"]

1. d4 Nf6 2. c4 g6 3. f3 Bg7 4. e4 d6 5. Nc3 O-O 6. Be3 e5 7. d5 Ne8 8. Qd2 f5
9. Nge2 Nd7 10. O-O-O a6 11. Kb1 Nef6 12. Bg5 Qe8 13. Nc1 fxe4 14. fxe4 Nc5 15.
Bd3 Bd7 16. b4 Na4 17. Nb3 Nxc3+ 18. Qxc3 Ng4 19. Rde1 Nf2 20. Rhf1 Nxd3 21.
Qxd3 Ba4 22. Be3 Qd7 23. h3 Bf6 24. Bh6 Bg7 25. Be3 Qe7 26. Nd2 Rxf1 27. Rxf1
Bd7 28. Rf3 Qh4 29. Qf1 Qe7 30. Qe1 c6 31. Nb3 cxd5 32. Bg5 Qe8 33. cxd5 Rc8
34. Rc3 Rxc3 35. Qxc3 Qf8 36. Kb2 Qf2+ 37. Qc2 Qb6 38. a3 h6 39. Bh4 Ba4 40.
Bf2 Qb5 41. Kc3 Qf1 42. Be3 b5 43. Kb2 Kh7 44. Bb6 Qf4 45. Qe2 h5 46. Nc1 Bh6
47. Nd3 Qg3 48. Kc3 Qg5 49. Kb2 Kg8 50. Bc7 Qe7 51. Bb6 Qg5 52. Bc7 Bf8 53. Bb6
Qg3 54. Kc3 Bh6 55. Qf2 Qxf2 56. Nxf2 Kf7 57. Kb2 Bd2 58. Ba7 Kf6 59. g3 h4 60.
gxh4 Ke7 61. Bb6 Kd7 62. Kb1 Bb3 63. Kb2 Bc4 64. Kc2 Bf4 65. Ng4 Be2 66. Ne3
Bg3 67. Ng4 Bxh4 68. Kd2 Bf1 69. Bf2 Bg5+ 70. Be3 Bd8 71. Nf2 Ke8 72. Bh6 Kf7
73. Ke3 g5 74. Kf3 Be7 75. h4 gxh4 76. Ng4 Kg6 77. Be3 Kh5 78. Nh2 Bd3 79. Bb6
Bg5 80. Bc7 Bf4 81. Ng4 Bxe4+ 82. Kxe4 Kxg4 83. Bxd6 h3 84. Bxe5 h2 0-1

[Event "2BLO 1718 SC NT Nürnberg - SC Forchheim"]
[Site "?"]
[Date "2017.12.09"]
[Round "5.8"]
[White "Epding, Olaf"]
[Black "Wichmann, Adrian"]
[Result "1-0"]
[WhiteElo "2240"]
[BlackElo "2040"]
[PlyCount "89"]
[EventDate "2017.??.??"]

1. b3 d5 2. Bb2 c5 3. e3 Nc6 4. Bb5 Nf6 5. Nf3 Bd7 6. O-O e6 7. d3 Bd6 8. Nbd2
a6 9. Bxc6 Bxc6 10. Qe2 Bc7 11. Ne5 Qd6 12. f4 Rf8 13. Ng4 Nxg4 14. Qxg4 Rg8
15. Qh5 h6 16. Nf3 d4 17. Ne5 Rf8 18. e4 b6 19. b4 cxb4 20. a3 Bb7 21. axb4 b5
22. Kh1 Bb6 23. c3 Rc8 24. c4 bxc4 25. Nxc4 Rxc4 26. dxc4 Qc6 27. Qe2 f5 28.
exf5 Rxf5 29. Rae1 Kf7 30. c5 Bc7 31. Qd2 d3 32. Be5 Bxe5 33. Rxe5 Kg8 34. Rf3
Kh7 35. Rxf5 exf5 36. Rxd3 Qe4 37. h3 Bc6 38. Rd4 Qe6 39. Kh2 Qe8 40. Qd3 Qg6
41. Qe2 Bb5 42. Qc2 Qf6 43. Rd5 g6 44. Qd2 Qe7 45. Re5 1-0

[Event "2BLO 1718 Erfurter SK - BCA Augsburg"]
[Site "?"]
[Date "2017.12.10"]
[Round "6.1"]
[White "Rozentalis, Eduardas"]
[Black "Braeuer, Franz"]
[Result "1-0"]
[WhiteElo "2515"]
[BlackElo "2404"]
[PlyCount "133"]
[EventDate "2017.??.??"]

1. e4 c5 2. Nf3 d6 3. Bb5+ Nd7 4. c3 Ngf6 5. Qe2 a6 6. Ba4 b5 7. Bc2 Bb7 8. d4
e6 9. O-O Be7 10. a4 O-O 11. Nbd2 Qc7 12. e5 dxe5 13. dxe5 Nd5 14. Nb3 Bc6 15.
a5 Rac8 16. Re1 Rfe8 17. h4 Ba8 18. h5 h6 19. Bd2 Nf8 20. Nh2 f5 21. exf6 Nxf6
22. Ng4 Rcd8 23. Nxf6+ Bxf6 24. Be3 Nd7 25. Qg4 c4 26. Nd2 Ne5 27. Qg3 Qf7 28.
Ne4 Nd3 29. Bxd3 cxd3 30. Nxf6+ Qxf6 31. Bd4 Qg5 32. Qxg5 hxg5 33. Rad1 e5 34.
Rxe5 Rxe5 35. Bxe5 g4 36. Bf4 Kf7 37. Kh2 Be4 38. Kg3 Bf5 39. f3 gxf3 40. Kxf3
Re8 41. g4 Be4+ 42. Kg3 Ke6 43. Rf1 Rf8 44. Rf2 Kd5 45. b3 Ke6 46. Rh2 Rd8 47.
g5 Kf7 48. Bd2 Bd5 49. Rf2+ Ke7 50. b4 Rh8 51. Kg4 Be6+ 52. Kh4 Bf7 53. h6 Bg6
54. Kg4 gxh6 55. gxh6 Rg8 56. Bg5+ Kd7 57. Rf4 Re8 58. Rd4+ Kc6 59. Bf4 Re6 60.
Kg5 Bh7 61. Rd8 Rg6+ 62. Kh5 Rf6 63. Kg4 Rf7 64. Rd6+ Kb7 65. Rb6+ Kc8 66. Rxa6
Rd7 67. Rb6 1-0

[Event "2BLO 1718 Erfurter SK - BCA Augsburg"]
[Site "?"]
[Date "2017.12.10"]
[Round "6.2"]
[White "Votava, Jan"]
[Black "Kulaots, Kaido"]
[Result "1/2-1/2"]
[WhiteElo "2519"]
[BlackElo "2579"]
[PlyCount "77"]
[EventDate "2017.??.??"]

1. d4 d5 2. c4 c6 3. Nf3 Nf6 4. e3 Bf5 5. Nbd2 e6 6. Be2 h6 7. a3 Nbd7 8. b4 a5
9. b5 c5 10. Bb2 Be7 11. a4 O-O 12. O-O Bh7 13. Qb3 cxd4 14. Bxd4 Nc5 15. Qa2
Nd3 16. Bxd3 Bxd3 17. Rfc1 dxc4 18. Nxc4 Nd5 19. Qb2 Rc8 20. Nce5 Bh7 21. Rxc8
Qxc8 22. Rc1 Qd8 23. Qb3 Qd6 24. Bc5 Qc7 25. b6 Qd8 26. h3 Bxc5 27. Rxc5 Qxb6
28. Qxb6 Nxb6 29. Rxa5 f6 30. Rb5 Nxa4 31. Nd7 Rd8 32. Rxb7 Be4 33. Rc7 e5 34.
Nh4 Bd3 35. Kh2 Bb5 36. Nc5 Nxc5 37. Rxc5 Bd3 38. Rc7 Kf8 39. g4 1/2-1/2

[Event "2BLO 1718 Erfurter SK - BCA Augsburg"]
[Site "?"]
[Date "2017.12.10"]
[Round "6.3"]
[White "Prusikin, Michael"]
[Black "Haba, Petr"]
[Result "1/2-1/2"]
[WhiteElo "2520"]
[BlackElo "2439"]
[PlyCount "27"]
[EventDate "2017.??.??"]

1. d4 d5 2. c4 e6 3. Nc3 c6 4. Bf4 dxc4 5. a4 Nf6 6. e3 Nd5 7. Bxc4 Nxf4 8.
exf4 Bd6 9. g3 O-O 10. Nf3 c5 11. O-O Nc6 12. Ne4 Nxd4 13. Nxd4 cxd4 14. Qxd4
1/2-1/2

[Event "2BLO 1718 Erfurter SK - BCA Augsburg"]
[Site "?"]
[Date "2017.12.10"]
[Round "6.4"]
[White "Enders, Peter"]
[Black "Nestorovic, Nikola"]
[Result "1/2-1/2"]
[WhiteElo "2455"]
[BlackElo "2514"]
[PlyCount "73"]
[EventDate "2017.??.??"]

1. b3 d5 2. Bb2 Bg4 3. d3 e6 4. Nd2 Nf6 5. h3 Bh5 6. g4 Bg6 7. Ngf3 h6 8. Bg2
Nbd7 9. O-O c6 10. e4 Be7 11. Qe2 Qc7 12. c4 dxe4 13. dxe4 O-O-O 14. e5 Nh7 15.
Ne4 Bxe4 16. Qxe4 Nc5 17. Qc2 h5 18. gxh5 Nd3 19. Bc3 Ng5 20. Nxg5 Bxg5 21.
Rad1 Nf4 22. Rxd8+ Qxd8 23. Rd1 Qc7 24. Qe4 Rxh5 25. Qf3 Bh6 26. Bf1 Rg5+ 27.
Kh1 Ng6 28. Qd3 Rf5 29. Bg2 Nf4 30. Qd4 c5 31. Qe4 Nxg2 32. Kxg2 g6 33. Kf1 Bg5
34. Rd3 Rf4 35. Qg2 Rf5 36. Qe4 Rf4 37. Qg2 1/2-1/2

[Event "2BLO 1718 Erfurter SK - BCA Augsburg"]
[Site "?"]
[Date "2017.12.10"]
[Round "6.5"]
[White "Arnaudov, G. Petar"]
[Black "Mueller, Matthias"]
[Result "1/2-1/2"]
[WhiteElo "2439"]
[BlackElo "2384"]
[PlyCount "26"]
[EventDate "2017.??.??"]

1. d4 d5 2. Bf4 Nf6 3. e3 e6 4. c3 Bd6 5. Bg3 c5 6. Nd2 Nc6 7. Ngf3 O-O 8. Bb5
Be7 9. Bxc6 bxc6 10. Ne5 Qb6 11. O-O Nd7 12. Ndf3 Nxe5 13. Nxe5 f6 1/2-1/2

[Event "2BLO 1718 Erfurter SK - BCA Augsburg"]
[Site "?"]
[Date "2017.12.10"]
[Round "6.6"]
[White "Machelett, Heiko"]
[Black "Schmittdiel, Eckhard"]
[Result "1/2-1/2"]
[WhiteElo "2388"]
[BlackElo "2444"]
[PlyCount "21"]
[EventDate "2017.??.??"]

1. Nf3 d5 2. d4 e6 3. c4 c6 4. Qc2 f5 5. g3 Nf6 6. Bg2 Bd6 7. O-O O-O 8. b3 Qe7
9. Ne5 b5 10. Nd2 Ba6 11. Bb2 1/2-1/2

[Event "2BLO 1718 Erfurter SK - BCA Augsburg"]
[Site "?"]
[Date "2017.12.10"]
[Round "6.7"]
[White "Kukov, Velislav"]
[Black "Voekler, Bernd"]
[Result "1/2-1/2"]
[WhiteElo "2385"]
[BlackElo "2355"]
[PlyCount "48"]
[EventDate "2017.??.??"]

1. d4 Nf6 2. Bg5 d5 3. Nc3 e6 4. e4 Be7 5. e5 Nfd7 6. Bxe7 Qxe7 7. f4 a6 8. Nf3
c5 9. Ne2 cxd4 10. a3 Nc6 11. Nexd4 f6 12. Nxc6 bxc6 13. Bd3 Rb8 14. b4 c5 15.
c3 a5 16. O-O axb4 17. axb4 cxb4 18. Nd4 O-O 19. Kh1 Rb6 20. cxb4 Qxb4 21. Rb1
Qa5 22. Ra1 Qb4 23. Rb1 Qa5 24. Ra1 Qb4 1/2-1/2

[Event "2BLO 1718 Erfurter SK - BCA Augsburg"]
[Site "?"]
[Date "2017.12.10"]
[Round "6.8"]
[White "Casper, Thomas"]
[Black "Lipok, Christoph"]
[Result "1/2-1/2"]
[WhiteElo "2365"]
[BlackElo "2267"]
[PlyCount "23"]
[EventDate "2017.??.??"]

1. e4 e5 2. Bc4 Nf6 3. d3 c6 4. Bb3 Be7 5. Nf3 O-O 6. O-O d6 7. h3 Nbd7 8. c3
Nc5 9. Bc2 Qc7 10. Re1 Ne6 11. a4 b6 12. Na3 1/2-1/2

[Event "2BLO 1718 SG AE Magdeburg - SK Weilheim"]
[Site "?"]
[Date "2017.12.10"]
[Round "6.1"]
[White "Lehner, Oliver"]
[Black "Degtiarev, Evgeny"]
[Result "1/2-1/2"]
[WhiteElo "2402"]
[BlackElo "2393"]
[PlyCount "57"]
[EventDate "2017.??.??"]

1. d4 Nf6 2. c4 b6 3. Nc3 Bb7 4. Qc2 d5 5. cxd5 Nxd5 6. Nf3 Nxc3 7. bxc3 g6 8.
h4 Qd5 9. e3 Nd7 10. Bd3 e5 11. e4 Qa5 12. O-O Bg7 13. a4 Ba6 14. Bd2 Bxd3 15.
Qxd3 O-O 16. Qb5 Qxb5 17. axb5 Rfc8 18. Ra6 exd4 19. cxd4 c5 20. bxc6 Nb8 21.
Ra2 Nxc6 22. d5 Ne5 23. Nxe5 Bxe5 24. Rb1 Rc4 25. Rxb6 Rxe4 26. Be3 Bf4 27.
Bxf4 Rxf4 28. g3 Rd4 29. Rba6 1/2-1/2

[Event "2BLO 1718 SG AE Magdeburg - SK Weilheim"]
[Site "?"]
[Date "2017.12.10"]
[Round "6.2"]
[White "Woellermann, Jan"]
[Black "Bayer, Bernhard"]
[Result "0-1"]
[WhiteElo "2399"]
[BlackElo "2420"]
[PlyCount "106"]
[EventDate "2017.??.??"]

1. d4 Nf6 2. c4 e6 3. Nf3 b6 4. g3 Ba6 5. Qc2 c5 6. d5 b5 7. cxb5 Bb7 8. dxe6
fxe6 9. Bg2 a6 10. bxa6 Nxa6 11. Nc3 Be7 12. O-O O-O 13. b3 Qb6 14. Bb2 Nb4 15.
Qb1 Rfc8 16. Rd1 c4 17. a3 Nbd5 18. Ng5 h6 19. Nxd5 exd5 20. Bd4 Bc5 21. Bxc5
Qxc5 22. b4 Qb6 23. Nf3 Ne4 24. Rd4 Nc3 25. Qb2 Nb5 26. Rdd1 Qf6 27. Qc1 d4 28.
Qf4 Qxf4 29. gxf4 Bxf3 30. Bxf3 Rxa3 31. Rac1 Kf8 32. Kg2 Ra4 33. e3 Rxb4 34.
exd4 c3 35. Rd3 Rxd4 36. Re3 Rxf4 37. Bb7 Rc5 38. Ba6 Nc7 39. Bb7 c2 40. Be4
Ne6 41. f3 Nd4 42. Kf2 g5 43. Ra3 Re5 44. Re3 Rf6 45. h3 h5 46. Bh7 Rfe6 47.
Be4 Rb5 48. Rc3 Rb4 49. Bd3 Ke7 50. Rc8 Rb3 51. Be4 d5 52. Bxd5 Re2+ 53. Kf1
Rd3 0-1

[Event "2BLO 1718 SG AE Magdeburg - SK Weilheim"]
[Site "?"]
[Date "2017.12.10"]
[Round "6.3"]
[White "Guttenthaler, Franz"]
[Black "Paul, Johannes"]
[Result "1/2-1/2"]
[WhiteElo "2321"]
[BlackElo "2326"]
[PlyCount "63"]
[EventDate "2017.??.??"]

1. Nf3 Nf6 2. c4 e6 3. Nc3 c5 4. g3 b6 5. Bg2 Bb7 6. O-O Be7 7. Re1 d6 8. e4 a6
9. b3 Qc7 10. Bb2 O-O 11. d4 cxd4 12. Nxd4 Nbd7 13. Rc1 Rac8 14. f4 Qb8 15. e5
Ne8 16. Bxb7 Qxb7 17. Qf3 Qxf3 18. Nxf3 dxe5 19. fxe5 Nc7 20. Ne4 Nc5 21. Ba3
Rfd8 22. Rcd1 Kf8 23. Nd6 Rb8 24. Rf1 f5 25. b4 Ne4 26. Nxe4 Rxd1 27. Rxd1 fxe4
28. Nd4 Rd8 29. Rf1+ Ke8 30. Nc6 Rd3 31. Nxe7 Kxe7 32. Bc1 1/2-1/2

[Event "2BLO 1718 SG AE Magdeburg - SK Weilheim"]
[Site "?"]
[Date "2017.12.10"]
[Round "6.4"]
[White "Sieber, Fiona"]
[Black "Szabo, Marton Mihaly"]
[Result "1/2-1/2"]
[WhiteElo "2169"]
[BlackElo "2265"]
[PlyCount "117"]
[EventDate "2017.??.??"]

1. e4 c5 2. Nf3 e6 3. d4 cxd4 4. Nxd4 a6 5. Bd3 Bc5 6. Nb3 Be7 7. Qg4 g6 8. Qe2
d6 9. O-O Nd7 10. Na3 Ne5 11. Nc4 Nxc4 12. Bxc4 Qc7 13. c3 Nf6 14. Bh6 Bf8 15.
Bf4 Nh5 16. Bg5 Bg7 17. Nd4 O-O 18. Bb3 Nf6 19. f4 Re8 20. Qf3 Nd7 21. f5 Ne5
22. Qg3 b5 23. a4 bxa4 24. Bxa4 Bd7 25. fxe6 Bxa4 26. Rxa4 fxe6 27. Qh3 Qd7 28.
Rfa1 Nc6 29. Be3 Nxd4 30. Bxd4 Bxd4+ 31. Rxd4 Qb5 32. Rad1 Rad8 33. Qd3 Qxb2
34. Rb4 Qa3 35. Rb7 Qc5+ 36. Kh1 Rc8 37. Qxa6 Rf8 38. Qa2 Qc4 39. Qxc4 Rxc4 40.
h3 Rxe4 41. Rxd6 Rf7 42. Rbb6 Re7 43. Kg1 Kf7 44. Kf2 Ra7 45. Kf3 Re5 46. Rdc6
Kf6 47. Rb8 Rd7 48. Rb2 Kg5 49. Kg3 Rd3+ 50. Kf2 h5 51. Re2 Rf5+ 52. Ke1 e5 53.
h4+ Kxh4 54. Rxg6 Rxc3 55. Re4+ Rf4 56. Rxe5 Rg4 57. Rh6 Rg5 58. Rxg5 Kxg5 59.
Rh8 1/2-1/2